Statystyki dla Quiz o Tanzanii

Kliknij tutaj aby rozwiązać quiz!

Ogólne statystyki

  • Ten quiz został rozwiązany 2 340 razy
  • Średni wynik to 16 z 24

Statystyki odpowiedzi

WskazówkaOdpowiedź% Poprawnych
Państwo granicząceKenia
86%
Europejskie państwo, które skolonizowało
Tanzanię
Wielka Brytania
86%
Język urzędowyangielski
85%
Państwo granicząceMozambik
82%
Państwo granicząceRwanda
82%
Państwo granicząceD. R. Konga
81%
Państwo granicząceUganda
81%
Europejskie państwo, które skolonizowało
Tanzanię
Niemcy
79%
Państwo granicząceBurundi
78%
Wyspa, która krótko była niepodległym państwemZanzibar
78%
Jedno z trzech największych granicznych jeziorJezioro {Wiktorii}
77%
Państwo granicząceZambia
77%
Jedno z trzech największych granicznych jeziorJezioro {Niasa}
75%
Najwyższy szczytKilimandżaro
74%
Państwo granicząceMalawi
74%
Zwrot, który oznacza "nie martw się", rozsławiony
przez film Disneya
Hakuna Matata
65%
StolicaDodoma
63%
Największy sektor tanzańskiej gospodarkiRolnictwo
53%
Najludniejsze miastoDar es Salaam
49%
Jedno z trzech największych granicznych jeziorJezioro {Tanganika}
48%
Język urzędowysuahili
46%
Język historycznie używany na powyższej wyspiearabski
30%
Plemię, którego życie koncentruje się wokół
wypasu bydła
Masajowie
26%
Region północny, w większości trawiasty,
który słynie z wędrówek gnu
Serengeti
18%

Rozkład punktacji

Percentyl według liczby udzielonych odpowiedzi

Procent ludzi z każdym wynikiem

Twoja historia wyników

Nie rozwiązałeś tego quizu